[Event "Women's Speed Chess Q7"]
[Site "chess.com INT"]
[Date "2021.06.06"]
[Round "9"]
[White "Babiy, Olga"]
[Black "Sviridova, Vlada"]
[Result "0-1"]
[WhiteTitle "WGM"]
[BlackTitle "WFM"]
[WhiteElo "2280"]
[BlackElo "2144"]
[WhiteFideId "14117258"]
[BlackFideId "24109606"]
[EventDate "2021.06.06"]

1. d4 d5 2. Bf4 Nf6 3. Nf3 c5 4. e3 Nc6 5. Nbd2 e6 6. c3 Bd6 7. Bd3 Bxf4 8. exf4
Qc7 9. g3 b6 10. O-O Bb7 11. Rc1 O-O 12. Re1 Rad8 13. Ne5 Qd6 14. Ndf3 Ne7 15.
Ng5 h6 16. Ngf3 Ne4 17. Bb1 f6 18. Nd3 c4 19. Nb4 a5 20. Nc2 b5 21. a3 Nc6 22.
Ne3 f5 23. Ne5 Nxe5 24. dxe5 Qb6 25. Qe2 b4 26. axb4 axb4 27. Bxe4 fxe4 28. Qg4
Kh7 29. f5 exf5 30. Nxf5 g6 31. Nd4 Rde8 32. e6 Rf6 33. Qh4 Kg7 34. Qg4 Qc5 35.
Re2 Ref8 36. Rce1 b3 37. h4 Bc8 38. h5 Qd6 39. hxg6 Rxg6 40. Qh4 Re8 41. Kh2 Qe5
42. Qh3 Bxe6 43. Nxe6+ Qxe6 44. Qh4 Qf6 45. Qh5 Rf8 46. Qh3 Rg5 47. Qd7+ Rf7 48.
Qc8 Qg6 49. Kg2 Rh5 50. Qb8 Rhf5 51. Qa8 Qg4 52. Qb8 Qf3+ 53. Kg1 Rh5 54. Qc8
Rh1# 0-1

[Event "Women's Speed Chess Q7"]
[Site "chess.com INT"]
[Date "2021.06.06"]
[Round "9"]
[White "Vo, Thi Kim Phung"]
[Black "Cyfka, Karina"]
[Result "0-1"]
[WhiteTitle "WGM"]
[BlackTitle "IM"]
[WhiteElo "2335"]
[BlackElo "2417"]
[WhiteFideId "12401838"]
[BlackFideId "1122681"]
[EventDate "2021.06.06"]

1. d4 d6 2. c4 e5 3. dxe5 dxe5 4. Qxd8+ Kxd8 5. b3 f6 6. Bb2 c6 7. e3 Kc7 8. Nc3
Be6 9. h3 h5 10. Bd3 Be7 11. Nf3 g5 12. Nd2 Nd7 13. Ke2 Nc5 14. Bc2 a5 15. Nde4
Nh6 16. Nxc5 Bxc5 17. Ne4 Be7 18. h4 g4 19. Ng3 Nf7 20. Bg6 Rag8 21. Bf5 Nd8 22.
Bxe6 Nxe6 23. Nf5 Bc5 24. g3 Ng7 25. Nxg7 Rxg7 26. Rad1 Rd7 27. Rxd7+ Kxd7 28.
Rd1+ Ke6 29. Rd3 f5 30. Rd1 Rf8 31. Re1 a4 32. Kd1 Ra8 33. Kc2 axb3+ 34. axb3
Ra2 35. Kb1 Ra8 36. Kc2 Rd8 37. Rd1 Rxd1 38. Kxd1 f4 39. Ke2 Kf5 40. exf4 exf4
41. gxf4 Kxf4 42. Bc1+ Kf5 43. Bg5 Ke4 44. Bf6 Bd4 45. Bg5 Be5 46. Bc1 b5 47.
Bg5 bxc4 48. bxc4 Kd4 49. Be3+ Kxc4 50. f3 g3 51. f4 Bf6 52. Kf3 Bxh4 53. f5 Kd3
54. Bf4 Bf6 55. Bxg3 h4 56. Bf4 c5 57. Kg4 c4 58. Bg5 Bxg5 59. Kxg5 c3 60. f6 c2
61. f7 c1=Q+ 62. Kg6 Qf4 63. f8=Q Qxf8 0-1

[Event "Women's Speed Chess Q7"]
[Site "chess.com INT"]
[Date "2021.06.06"]
[Round "9"]
[White "Purtseladze, Maka"]
[Black "Balabayeva, Xeniya"]
[Result "1-0"]
[WhiteTitle "IM"]
[BlackTitle "WFM"]
[WhiteElo "2274"]
[BlackElo "2116"]
[WhiteFideId "13602659"]
[BlackFideId "13719688"]
[EventDate "2021.06.06"]

1. Nf3 d5 2. b3 c5 3. Bb2 Nc6 4. e3 Nf6 5. Bb5 Bd7 6. Bxc6 Bxc6 7. Ne5 Bd7 8. d3
e6 9. Nd2 Be7 10. O-O Rc8 11. f4 O-O 12. Ndf3 Bc6 13. Nxc6 Rxc6 14. Ne5 Rc8 15.
Rf3 Nd7 16. Rh3 g6 17. Nxd7 Qxd7 18. Qg4 f5 19. Qe2 Bf6 20. Bxf6 Rxf6 21. g4
fxg4 22. Qxg4 Rcf8 23. Kh1 Qd6 24. Rg1 e5 25. fxe5 Qxe5 26. Rhg3 R8f7 27. c4
dxc4 28. Qxc4 Kg7 29. Qg4 b6 30. d4 Qd5+ 31. R3g2 cxd4 32. Qxd4 Qxd4 33. exd4
Rd6 34. Rd1 Rfd7 35. Rgd2 Rd5 36. Kg2 Kf6 37. Kf3 Ke6 38. Ke3 Rh5 39. Kd3 Kd6
40. Kc4 Rc7+ 41. Kb4 Ra5 42. a4 Rd5 43. Rd3 Rh5 44. R1d2 Rc1 45. d5 Rh1 46. Re3
Rxd5 47. Rxd5+ Kxd5 48. Re7 Rxh2 49. Rxa7 Kc6 50. Rg7 Rh4+ 51. Kc3 1-0

[Event "Women's Speed Chess Q7"]
[Site "chess.com INT"]
[Date "2021.06.06"]
[Round "9"]
[White "Kashlinskaya, Alina"]
[Black "Sliwicka, Alicja"]
[Result "1-0"]
[WhiteTitle "IM"]
[BlackTitle "WIM"]
[WhiteElo "2494"]
[BlackElo "2308"]
[WhiteFideId "4198026"]
[BlackFideId "1150677"]
[EventDate "2021.06.06"]

1. Nf3 c5 2. g3 Nc6 3. Bg2 e5 4. O-O g6 5. d3 Bg7 6. c4 Nge7 7. Nc3 d6 8. Ne1
Be6 9. Nc2 d5 10. cxd5 Nxd5 11. Ne3 Nde7 12. Nc4 O-O 13. Be3 b6 14. Rc1 Rc8 15.
Qd2 Nf5 16. Ne4 Nxe3 17. fxe3 h6 18. Ned6 Rc7 19. Nb5 Rc8 20. Ncd6 a6 21. Nxc8
Qxc8 22. Nd6 Qd7 23. Nc4 b5 24. Na5 Nxa5 25. Qxa5 c4 26. Qxa6 cxd3 27. exd3 Qxd3
28. Qb6 h5 29. Rfd1 Qe2 30. Bf1 Qf3 31. Re1 Bd5 32. e4 Bxe4 33. Rxe4 Qxe4 34.
Qxb5 Bh6 35. Rc3 Be3+ 36. Rxe3 Qxe3+ 37. Kg2 Qe4+ 38. Kg1 Rd8 39. Qb6 Qd4+ 40.
Qxd4 Rxd4 41. b3 Kf8 42. a4 Ke7 43. a5 Rb4 44. Bc4 f5 45. a6 Rb8 46. Bd5 Rd8 47.
a7 Rxd5 48. a8=Q Rd1+ 49. Kg2 Rd2+ 50. Kh3 Kf6 51. Qf8+ Kg5 52. Qe7+ Kh6 53.
Qxe5 Rd3 54. Qh8+ Kg5 55. b4 f4 56. Qe5+ Kh6 57. Qxf4+ g5 58. Qf6+ Kh7 59. Qf5+
Kh6 60. Qxd3 g4+ 61. Kg2 h4 62. b5 h3+ 63. Kf2 1-0

[Event "Women's Speed Chess Q7"]
[Site "chess.com INT"]
[Date "2021.06.06"]
[Round "9"]
[White "Berend, Elvira"]
[Black "Garifullina, Leya"]
[Result "1/2-1/2"]
[WhiteTitle "WGM"]
[BlackTitle "WGM"]
[WhiteElo "2326"]
[BlackElo "2399"]
[WhiteFideId "4000510"]
[BlackFideId "34127035"]
[EventDate "2021.06.06"]

1. e4 c5 2. Nf3 d6 3. d4 cxd4 4. Nxd4 Nf6 5. Nc3 a6 6. Bg5 e6 7. Qe2 h6 8. Bh4
Be7 9. O-O-O Qc7 10. Kb1 b5 11. g4 Bd7 12. Bg2 Ra7 13. g5 hxg5 14. Bxg5 b4 15.
Nd5 exd5 16. exd5 Bb5 17. Qe3 O-O 18. h4 Re8 19. Nf5 Bf8 20. Qg3 Nh5 21. Qg4 g6
22. Nd4 Qd7 23. Qf3 Bg7 24. Bh3 Qc7 25. Bg4 Qc5 26. Nb3 Qc4 27. Bxh5 Nd7 28. Bg4
Ne5 29. Qe3 Qxg4 30. Qxa7 Nc4 31. Rhe1 Nxb2 32. Rxe8+ Bxe8 33. Re1 Bb5 34. Qb8+
Kh7 35. Bc1 Nc4 36. Qd8 Qf5 37. Qg5 Qxg5 38. hxg5 Be5 39. f4 Bc3 40. Re7 Kg7 41.
Ra7 Nb6 42. Na5 Na4 43. Nc6 Kg8 44. Nd8 Bg7 45. Nxf7 Nc3+ 46. Kb2 Ne2+ 47. Kb3
Nxc1+ 48. Kxb4 Ne2 49. Nh6+ Bxh6 50. gxh6 Nxf4 51. Rg7+ Kh8 52. Rf7 Nxd5+ 53.
Ka5 Nc3 54. Rg7 Nxa2 55. Rxg6 Nc3 56. Rxd6 Kh7 57. Rxa6 Bxa6 58. Kxa6 Kxh6 59.
Kb6 Kg6 60. Kc5 Kf6 61. Kd4 Na4 62. c4 Ke6 63. c5 Kd7 64. c6+ Kxc6 1/2-1/2

[Event "Women's Speed Chess Q7"]
[Site "chess.com INT"]
[Date "2021.06.06"]
[Round "9"]
[White "Fernandez, Maria Florencia"]
[Black "Bommini, Mounika Akshaya"]
[Result "0-1"]
[WhiteTitle "WIM"]
[BlackTitle "WFM"]
[WhiteElo "2229"]
[BlackElo "2029"]
[WhiteFideId "116459"]
[BlackFideId "25019872"]
[EventDate "2021.06.06"]

1. d4 f5 2. c4 Nf6 3. Nc3 g6 4. Nf3 Bg7 5. Bf4 d6 6. e3 O-O 7. h3 Nbd7 8. Qb3
Qe8 9. Be2 e5 10. Bh2 e4 11. Nd2 Kh8 12. O-O-O a6 13. h4 b5 14. cxb5 axb5 15.
Bxb5 Qe7 16. Bf4 Nb6 17. Bg5 h6 18. Bf4 Be6 19. d5 Nfxd5 20. Nxd5 Bxd5 21. Qc2
Rxa2 22. Nb1 Bxb2+ 23. Qxb2+ Rxb2 24. Kxb2 Rb8 25. Kc2 Bf7 26. Nc3 Nc4 27. Bxc4
Bxc4 28. Rb1 Qd7 29. Rxb8+ Kg7 30. Rb4 Bd3+ 31. Kd2 Qc6 32. Rhb1 Qa6 33. R1b2
Qa1 34. f3 Qf1 35. fxe4 fxe4 36. Nxe4 Qe2+ 37. Kc3 Qd1 38. Rd4 Qc1+ 39. Kxd3
Qxb2 40. Nd2 c5 41. Rc4 Qa3+ 42. Ke2 d5 43. Rc1 Qa6+ 44. Kd1 Kf6 45. Be5+ Ke6
46. Nf3 Qf1+ 47. Kc2 Qxg2+ 48. Kd3 Qxf3 49. Bc3 c4+ 50. Kd4 Qe4+ 51. Kc5 Qxe3+
52. Bd4 Qxc1 53. h5 gxh5 54. Bf2 c3 55. Bd4 c2 56. Bc3 Qa3+ 57. Kd4 c1=Q 58. Bd2
Qxd2# 0-1

[Event "Women's Speed Chess Q7"]
[Site "chess.com INT"]
[Date "2021.06.06"]
[Round "9"]
[White "Arabidze, Meri"]
[Black "Potapova, Margarita"]
[Result "0-1"]
[WhiteTitle "IM"]
[BlackTitle "WIM"]
[WhiteElo "2432"]
[BlackElo "2260"]
[WhiteFideId "13604040"]
[BlackFideId "14126869"]
[EventDate "2021.06.06"]

1. Nf3 Nf6 2. e3 b6 3. b3 Bb7 4. Bb2 e6 5. c4 Be7 6. d4 O-O 7. Bd3 d5 8. O-O
dxc4 9. bxc4 c5 10. Nbd2 cxd4 11. exd4 Nc6 12. Rc1 Na5 13. Nb3 Nc6 14. Bb1 Rc8
15. Qd3 g6 16. Rfd1 Nb4 17. Qe3 Re8 18. Ne5 Nc6 19. f4 Bf8 20. Qh3 Bg7 21. a3
Nh5 22. Qg4 Nf6 23. Qe2 Nh5 24. Qf2 Qf6 25. Rf1 Qe7 26. h3 Nf6 27. Qe3 Red8 28.
Rfd1 Nh5 29. g4 Nf6 30. Kh2 Nd7 31. Rf1 a5 32. Rf2 Ndb8 33. Rcf1 a4 34. Nd2 Na5
35. Bd3 Nd7 36. f5 exf5 37. gxf5 Nxe5 38. dxe5 Rxd3 39. Qxd3 Bxe5+ 40. Bxe5
Qxe5+ 41. Qg3 Qe7 42. fxg6 fxg6 43. Nf3 Nxc4 44. Ng5 Ne3 45. Rg1 Nd5 46. h4 Nf6
47. Qf4 Nh5 48. Qd4 Qc7+ 49. Kh3 Rd8 50. Qg4 Bc8 51. Ne6 Qe7 52. Re2 Re8 53.
Rge1 Ng7 54. Kh2 Nxe6 55. Qg3 Qf6 56. h5 Rf8 57. hxg6 hxg6 58. Rg1 Kg7 59. Reg2
Rh8+ 0-1

[Event "Women's Speed Chess Q7"]
[Site "chess.com INT"]
[Date "2021.06.06"]
[Round "9"]
[White "Arpita, Mukherjee"]
[Black "Morris-Suzuki, Sophie"]
[Result "0-1"]
[WhiteTitle "WIM"]
[BlackTitle "WFM"]
[WhiteElo "2206"]
[BlackElo "2043"]
[WhiteFideId "5056403"]
[BlackFideId "30922615"]
[EventDate "2021.06.06"]

1. e4 c5 2. Nf3 e6 3. d4 cxd4 4. Nxd4 a6 5. Bd3 Qc7 6. c4 Nf6 7. O-O b6 8. Qe2
d6 9. Nc3 Bb7 10. f3 Be7 11. Be3 O-O 12. Rac1 Nbd7 13. b4 Rac8 14. Na4 Qb8 15.
Nb3 Bd8 16. Bb1 Bc7 17. Bd4 d5 18. exd5 Bxh2+ 19. Kh1 Nh5 20. Qc2 g6 21. g4 Ng3+
22. Kxh2 Nxf1+ 23. Kg2 exd5 24. Rxf1 Rxc4 25. Qd3 Bc6 26. Nb2 Bb5 27. Nxc4 dxc4
28. Qe3 cxb3 29. Qh6 Bxf1+ 30. Kxf1 f6 31. Bd3 b5 32. axb3 Ne5 33. Be4 Rd8 34.
Bc5 Qc7 35. Qh4 Qf7 36. Qf2 Nd3 37. Qe3 Nxc5 38. bxc5 b4 39. Kf2 a5 40. Bd3 Kg7
41. Bc4 Qd7 42. Kg3 Qc7+ 43. Kh3 Rc8 44. Qe6 Qf4 45. Qe7+ Kh6 46. Qe2 Rxc5 47.
Kg2 Re5 48. Qf1 Qd2+ 49. Kg3 Qe1+ 50. Qxe1 Rxe1 51. Kf2 Rc1 52. Kg3 Rxc4 53.
bxc4 b3 54. c5 b2 55. c6 b1=Q 56. c7 Qc1 57. Kh4 Qxc7 58. f4 Qxf4 59. Kh3 a4 60.
g5+ fxg5 61. Kg2 a3 62. Kh3 a2 63. Kg2 a1=Q 0-1

[Event "Women's Speed Chess Q7"]
[Site "chess.com INT"]
[Date "2021.06.06"]
[Round "9"]
[White "Dordzhieva, Dinara"]
[Black "Belenkaya, Dina"]
[Result "1-0"]
[WhiteTitle "WGM"]
[BlackTitle "WGM"]
[WhiteElo "2311"]
[BlackElo "2341"]
[WhiteFideId "24157570"]
[BlackFideId "24142654"]
[EventDate "2021.06.06"]

1. Nf3 d5 2. g3 Bg4 3. Bg2 Nd7 4. O-O c6 5. d4 Ngf6 6. h3 Bh5 7. c4 e6 8. cxd5
cxd5 9. Qb3 Qb6 10. Nc3 Qxb3 11. axb3 a6 12. Bf4 Rc8 13. Rfc1 Be7 14. g4 Bg6 15.
Nh4 O-O 16. Nxg6 hxg6 17. Bd2 Bb4 18. e3 a5 19. Bf1 Nb8 20. Bb5 Nc6 21. Kf1 Rfd8
22. Ke2 Ne8 23. Na4 Bxd2 24. Kxd2 Nd6 25. Be2 Nb4 26. Nb6 Rxc1 27. Rxc1 Kf8 28.
Ra1 Ne4+ 29. Kd1 Nxf2+ 30. Kd2 Ne4+ 31. Kd1 Nc6 32. Bb5 f5 33. gxf5 gxf5 34.
Bxc6 bxc6 35. Rxa5 Nf2+ 36. Ke2 Nxh3 37. Ra7 g5 38. Nd7+ Ke7 39. Ne5+ Ke8 40.
Nxc6 Rc8 41. Re7+ Kf8 42. Rxe6 f4 43. Ne5 Rc2+ 44. Kf3 Rf2+ 45. Kg4 Rh2 46. exf4
gxf4 47. Rf6+ Ke7 48. Rf7+ Ke6 49. Rf8 Ng1 50. Rxf4 Rxb2 51. Rf1 Ne2 52. Nd3 Rd2
53. Nc5+ Kd6 54. Rf6+ Ke7 55. Rf2 Nxd4 56. Rxd2 Ne6 57. Nxe6 Kd6 58. Kf4 Kxe6
59. b4 Kd6 60. b5 Kc5 61. Ke5 Kxb5 62. Rxd5+ Kb4 63. Kd4 Kb3 64. Rc5 Kb4 65. Kd5
Kb3 66. Rc4 Kb2 67. Kd4 Kb3 68. Kd3 Ka3 69. Kc3 Ka2 70. Rb4 Ka1 71. Kc2 1-0

[Event "Women's Speed Chess Q7"]
[Site "chess.com INT"]
[Date "2021.06.06"]
[Round "9"]
[White "Grigoryan, Meri"]
[Black "Hng, Mei-En Emmanuelle"]
[Result "0-1"]
[WhiteTitle "WFM"]
[BlackTitle "WFM"]
[WhiteElo "2044"]
[BlackElo "2013"]
[WhiteFideId "13300571"]
[BlackFideId "5804566"]
[EventDate "2021.06.06"]

1. d4 d6 2. c4 Nf6 3. Nc3 g6 4. Nf3 Bg7 5. g3 O-O 6. Bg2 Nbd7 7. O-O c5 8. d5
Rb8 9. a4 a6 10. Rb1 Re8 11. e4 Nf8 12. Re1 e6 13. Bg5 exd5 14. exd5 Rxe1+ 15.
Qxe1 Bf5 16. Rc1 h6 17. Bf4 Qd7 18. Nh4 Re8 19. Qd2 Ne4 20. Nxe4 Bxe4 21. Bxe4
Rxe4 22. Nf3 g5 23. Be3 Ng6 24. b3 Qg4 25. Kg2 Re8 26. Re1 Qd7 27. h3 Qc7 28.
Nh2 Qb6 29. Qc2 Ne5 30. Nf3 Nxf3 31. Kxf3 Qc7 32. Kg2 Qd7 33. Qd2 b5 34. f4 bxa4
35. bxa4 Qxa4 36. fxg5 hxg5 37. Bxg5 Rxe1 38. Qxe1 Qc2+ 39. Qd2 Qxc4 40. Be3
Qe4+ 41. Kf2 c4 42. Qa5 c3 43. Qd8+ Kh7 44. Qxd6 Qf5+ 45. Kg2 Qc2+ 46. Kf3 Qd1+
47. Kg2 Qe2+ 48. Bf2 Qe4+ 49. Kh2 c2 50. Qc5 Qd3 51. d6 Qd1 52. Qf5+ Kg8 53.
Qc8+ Bf8 54. Be3 Qe2+ 55. Kh1 Qxe3 56. Qxc2 Qe1+ 57. Kg2 Qe6 58. Qd2 Bxd6 59.
Qg5+ Qg6 60. Qd8+ Kg7 61. Qh4 Qc2+ 62. Kf3 Qd3+ 63. Kg2 Qe2+ 64. Kh1 Qf1+ 65.
Kh2 Qf2+ 66. Kh1 Qxg3 67. Qd4+ Be5 68. Qe3 Qxe3 0-1

[Event "Women's Speed Chess Q7"]
[Site "chess.com INT"]
[Date "2021.06.06"]
[Round "9"]
[White "Nurmanova, Alua"]
[Black "Chu, Ruotong"]
[Result "0-1"]
[WhiteTitle "WFM"]
[BlackTitle "WIM"]
[WhiteElo "2093"]
[BlackElo "2207"]
[WhiteFideId "13729390"]
[BlackFideId "8605653"]
[EventDate "2021.06.06"]

1. e4 c5 2. Nf3 e6 3. d4 Nc6 4. d5 exd5 5. exd5 Nb8 6. c4 d6 7. Be2 Nf6 8. O-O
Be7 9. Nc3 O-O 10. Bf4 Na6 11. h3 Nc7 12. Re1 a6 13. a4 b6 14. Bd3 Rb8 15. Bc2
b5 16. axb5 axb5 17. b3 bxc4 18. bxc4 Nh5 19. Bh2 Bf6 20. Qd3 g6 21. g4 Ng7 22.
Ra7 Rb7 23. Rxb7 Bxb7 24. Ne4 Be7 25. Qc3 f5 26. gxf5 Nxf5 27. Ned2 Bf6 28. Qb3
Bc8 29. Qb6 Nd4 30. Nxd4 Bxd4 31. Ne4 Qh4 32. Bg3 Qxh3 33. Qxc7 Bg4 34. Bd1 Bxd1
35. Rxd1 Rxf2 36. Nxf2 Qxg3+ 37. Kh1 Qh4+ 38. Kg1 Qxf2+ 39. Kh1 Qf3+ 40. Kh2
Qe2+ 41. Kh3 Qxd1 42. Qd8+ Kf7 43. Qd7+ Kf6 44. Qe6+ Kg5 45. Qe7+ Kh6 46. Qf8+
Bg7 47. Qf4+ g5 48. Qxd6+ Kh5 49. Qg3 Qd4 50. Qf3+ g4+ 51. Kg3 gxf3 52. Kxf3 Be5
53. Ke2 Qf4 54. Kd3 Qe4+ 55. Kd2 Bd6 56. Kc3 Kg5 57. Kb3 Kf5 58. Ka4 Qxc4+ 59.
Ka5 Qxd5 0-1

[Event "Women's Speed Chess Q7"]
[Site "chess.com INT"]
[Date "2021.06.06"]
[Round "9"]
[White "Dauletova, Gulmira"]
[Black "Pourkashiyan, Atousa"]
[Result "1-0"]
[WhiteTitle "WGM"]
[BlackTitle "WGM"]
[WhiteElo "2257"]
[BlackElo "2322"]
[WhiteFideId "13702971"]
[BlackFideId "12502014"]
[EventDate "2021.06.06"]

1. e4 e5 2. Nf3 d6 3. d4 exd4 4. Nxd4 Nf6 5. Nc3 Be7 6. g3 O-O 7. Bg2 c5 8. Nb3
Nc6 9. O-O Re8 10. h3 Bf8 11. Be3 a5 12. a4 g6 13. Qd2 Ne5 14. Bg5 Nc4 15. Qc1
h6 16. Bxh6 Bxh6 17. Qxh6 Nxb2 18. Nd2 Qe7 19. Rfb1 Qe5 20. Ra3 d5 21. Rxb2 d4
22. Nd1 d3 23. c3 Be6 24. Qe3 c4 25. Rb5 Qd6 26. Ra1 Nd7 27. Qd4 Qc7 28. Ne3 b6
29. e5 Rac8 30. Qd6 Qa7 31. Rab1 Nc5 32. Rxb6 Nxa4 33. Rb7 Qc5 34. Qxc5 Rxc5 35.
R7b5 Rxb5 36. Rxb5 Nxc3 37. Rxa5 Ne2+ 38. Kh2 c3 39. Ne4 c2 40. Rc5 c1=Q 41.
Rxc1 Nxc1 42. Nd2 Ra8 43. Bxa8 Ne2 44. Bd5 Bd7 45. Be4 Nc3 46. Bxd3 Bc6 47. Bc4
Na4 48. f4 Nb6 49. Bb3 Kg7 50. Ndc4 Nd5 51. Nxd5 Bxd5 52. Nd2 Bc6 53. Kg1 Bb5
54. Kf2 Bd7 55. Kg2 Bc6+ 56. Kf2 Bd7 57. g4 Bc6 58. Kg3 Bd7 59. Bd5 Bb5 60. Ne4
f5 61. gxf5 gxf5 62. Nd6 Bd3 63. Be6 Kg6 64. h4 Kh5 65. Nxf5 Ba6 66. Nd6 Kh6 67.
Bg4 Bf1 68. f5 Bd3 69. Kf4 Bc4 70. e6 Bxe6 71. fxe6 Kg7 72. Ke5 Kf8 73. Kf6 Kg8
74. e7 Kh7 75. e8=Q Kh6 76. Qg6# 1-0

[Event "Women's Speed Chess Q7"]
[Site "chess.com INT"]
[Date "2021.06.06"]
[Round "10"]
[White "Gevorgyan, Maria"]
[Black "Kabanova, Ekaterina"]
[Result "1-0"]
[WhiteTitle "WGM"]
[BlackTitle "WFM"]
[WhiteElo "2219"]
[BlackElo "2138"]
[WhiteFideId "13300270"]
[BlackFideId "24112917"]
[EventDate "2021.06.06"]

1. e4 c5 2. Nc3 e6 3. f4 a6 4. Nf3 Qc7 5. d3 b5 6. a3 Bb7 7. Be2 Nf6 8. O-O h5
9. f5 Bd6 10. fxe6 dxe6 11. Bg5 Nbd7 12. h3 Qb6 13. Kh1 Qc7 14. Qd2 Be7 15. Qe3
b4 16. axb4 cxb4 17. Na4 Rc8 18. c3 bxc3 19. Nxc3 Qb8 20. e5 Nd5 21. Nxd5 Bxd5
22. Bxe7 Kxe7 23. Qg5+ Kf8 24. d4 Qxb2 25. Bxa6 Rc2 26. Qd8# 1-0

[Event "Women's Speed Chess Q7"]
[Site "chess.com INT"]
[Date "2021.06.06"]
[Round "10"]
[White "Balabayeva, Xeniya"]
[Black "Berend, Elvira"]
[Result "1-0"]
[WhiteTitle "WFM"]
[BlackTitle "WGM"]
[WhiteElo "2116"]
[BlackElo "2326"]
[WhiteFideId "13719688"]
[BlackFideId "4000510"]
[EventDate "2021.06.06"]

1. e4 e5 2. Nf3 Nc6 3. Nc3 Nf6 4. Bb5 Bb4 5. d3 O-O 6. O-O d6 7. Bg5 Bxc3 8.
bxc3 h6 9. Bh4 Bd7 10. Re1 a6 11. Bc4 b5 12. Bb3 Na5 13. d4 Nxb3 14. axb3 exd4
15. cxd4 Bg4 16. h3 Bh5 17. Qd3 Bxf3 18. Qxf3 g5 19. Bg3 Nh7 20. e5 d5 21. Qf5
Qc8 22. e6 fxe6 23. Qg6+ Kh8 24. Be5+ 1-0

[Event "Women's Speed Chess Q7"]
[Site "chess.com INT"]
[Date "2021.06.06"]
[Round "10"]
[White "Jakubowska, Anna"]
[Black "Zhou, Qiyu"]
[Result "0-1"]
[WhiteTitle "WIM"]
[BlackTitle "FM"]
[WhiteElo "2073"]
[BlackElo "2229"]
[WhiteFideId "1121952"]
[BlackFideId "505161"]
[EventDate "2021.06.06"]

1. e4 e5 2. Nc3 Nc6 3. g3 Nf6 4. Bg2 Bc5 5. Nge2 O-O 6. O-O a6 7. d3 Ba7 8. h3
h6 9. Kh2 d6 10. f4 Nh7 11. f5 b5 12. g4 f6 13. Ng3 Ne7 14. h4 Bb7 15. g5 hxg5
16. hxg5 Nxg5 17. Bxg5 fxg5 18. Qh5 Qe8 19. Qxg5 Qf7 20. Bf3 Qf6 21. Qg4 Qh6+
22. Kg2 Qd2+ 23. Nge2 b4 24. Nd1 Nxf5 25. exf5 Qxe2+ 26. Nf2 Bxf3+ 27. Qxf3
Qxf3+ 28. Kxf3 Rxf5+ 29. Kg3 Raf8 0-1

[Event "Women's Speed Chess Q7"]
[Site "chess.com INT"]
[Date "2021.06.06"]
[Round "10"]
[White "Bivol, Alina"]
[Black "Perez Rodriguez, Jennifer"]
[Result "1-0"]
[WhiteTitle "WGM"]
[BlackTitle "WIM"]
[WhiteElo "2374"]
[BlackElo "2251"]
[WhiteFideId "4100123"]
[BlackFideId "3507831"]
[EventDate "2021.06.06"]

1. e4 e5 2. d4 exd4 3. c3 d5 4. exd5 Qxd5 5. cxd4 Nc6 6. Nf3 Bb4+ 7. Nc3 Bg4 8.
Be2 Bxf3 9. Bxf3 Qc4 10. Bxc6+ Qxc6 11. Qe2+ Ne7 12. O-O O-O 13. Bd2 Rfe8 14.
Qg4 Ng6 15. Rac1 Qe6 16. Qxe6 Rxe6 17. a3 Bxc3 18. Rxc3 Re2 19. Be3 c6 20. Rb3
b5 21. Rc1 Ne7 22. h3 f5 23. Kf1 f4 24. Kxe2 fxe3 25. fxe3 Re8 26. Rbc3 Kf7 27.
Rxc6 Nxc6 28. Rxc6 Re7 29. Rc5 a6 30. Rc6 Ra7 31. d5 Ke7 32. Kd3 Kd7 33. e4 g6
34. Rb6 Ke7 35. Kd4 a5 36. Rxb5 Rc7 37. e5 Rc2 38. Rb7+ Ke8 39. e6 Rd2+ 40. Ke5
Rf2 41. Kd6 1-0

[Event "Women's Speed Chess Q7"]
[Site "chess.com INT"]
[Date "2021.06.06"]
[Round "10"]
[White "Cori T., Deysi"]
[Black "Mkrtchian, Lilit"]
[Result "1-0"]
[WhiteTitle "WGM"]
[BlackTitle "IM"]
[WhiteElo "2388"]
[BlackElo "2388"]
[WhiteFideId "3801934"]
[BlackFideId "13300601"]
[EventDate "2021.06.06"]

1. d4 Nf6 2. Nf3 d5 3. c4 c6 4. e3 Bg4 5. Be2 e6 6. Nbd2 Nbd7 7. h3 Bh5 8. O-O
Bd6 9. b3 O-O 10. Bb2 Qc7 11. Rc1 a5 12. a3 Rfe8 13. Re1 Rad8 14. Qc2 Bg6 15.
Bd3 Bxd3 16. Qxd3 Qb8 17. e4 dxe4 18. Nxe4 Nc5 19. Nxf6+ gxf6 20. Qe3 Bf4 21.
Qc3 Bd2 22. Nxd2 Nd7 23. Ne4 Qf4 24. Re3 Kh8 25. Rce1 Rg8 26. Rg3 Rg6 27. Bc1
Qf5 28. Nd6 1-0

[Event "Women's Speed Chess Q7"]
[Site "chess.com INT"]
[Date "2021.06.06"]
[Round "10"]
[White "Nguyen, Hong Anh"]
[Black "Kashlinskaya, Alina"]
[Result "0-1"]
[WhiteTitle "WIM"]
[BlackTitle "IM"]
[WhiteElo "1993"]
[BlackElo "2494"]
[WhiteFideId "12406732"]
[BlackFideId "4198026"]
[EventDate "2021.06.06"]

1. d4 d5 2. c4 e6 3. Nf3 c6 4. g3 f5 5. Qc2 Nf6 6. Bg2 Bd6 7. O-O O-O 8. b3 Qe7
9. a4 Nbd7 10. Ba3 Bxa3 11. Nxa3 b6 12. Nb1 Bb7 13. Nbd2 Rac8 14. Qb2 c5 15.
dxc5 bxc5 16. cxd5 exd5 17. e3 Ne4 18. Rfc1 a5 19. Ne1 Ndf6 20. Nd3 c4 21. bxc4
Nxd2 22. Qxd2 dxc4 23. Bxb7 Qxb7 24. Nf4 Rfd8 25. Qxa5 Qe4 26. Rab1 Ng4 27. Rb5
c3 28. Rxf5 c2 29. Rc5 Rd1+ 0-1

[Event "Women's Speed Chess Q7"]
[Site "chess.com INT"]
[Date "2021.06.06"]
[Round "10"]
[White "Nanditha, V"]
[Black "Fernandez, Maria Florencia"]
[Result "0-1"]
[WhiteTitle "WCM"]
[BlackTitle "WIM"]
[WhiteElo "1666"]
[BlackElo "2229"]
[WhiteFideId "46626697"]
[BlackFideId "116459"]
[EventDate "2021.06.06"]

1. e4 d6 2. Nf3 Nf6 3. Nc3 g6 4. d4 Bg7 5. Bf4 O-O 6. Qd2 c6 7. O-O-O b5 8. Bd3
b4 9. Ne2 a5 10. e5 Nd5 11. Bh6 a4 12. h4 b3 13. a3 bxc2 14. Bxc2 Ba6 15. Bxg7
Kxg7 16. h5 Rh8 17. Nh4 Nd7 18. f4 N7b6 19. f5 Nc4 20. Qg5 Qb6 21. b4 axb3 22.
fxg6 b2+ 23. Kb1 Nxa3+ 24. Ka2 Bc4+ 25. Bb3 Qxb3# 0-1

[Event "Women's Speed Chess Q7"]
[Site "chess.com INT"]
[Date "2021.06.06"]
[Round "10"]
[White "Ortiz Verdezoto, Anahi"]
[Black "Luong, Phuong Hanh"]
[Result "1-0"]
[WhiteTitle "WIM"]
[BlackTitle "WIM"]
[WhiteElo "2013"]
[BlackElo "2229"]
[WhiteFideId "3614581"]
[BlackFideId "12401013"]
[EventDate "2021.06.06"]

1. e4 c5 2. c3 Nf6 3. e5 Nd5 4. d4 cxd4 5. cxd4 d6 6. Nf3 dxe5 7. dxe5 Nc6 8.
Bc4 Ndb4 9. Qb3 e6 10. O-O a6 11. Rd1 Qc7 12. Bf1 Nxe5 13. Nxe5 Qxe5 14. Nc3 Be7
15. Qa4+ Nc6 16. Bf4 Qa5 17. Qe4 O-O 18. Bd3 g6 19. Bh6 Re8 20. Be2 Bf6 21. Rac1
Ne7 22. Bf3 Nd5 23. Nxd5 exd5 24. Qxe8# 1-0

[Event "Women's Speed Chess Q7"]
[Site "chess.com INT"]
[Date "2021.06.06"]
[Round "10"]
[White "Gunina, Valentina"]
[Black "Padmini, Rout"]
[Result "1-0"]
[WhiteTitle "GM"]
[BlackTitle "IM"]
[WhiteElo "2436"]
[BlackElo "2370"]
[WhiteFideId "4167570"]
[BlackFideId "5029295"]
[EventDate "2021.06.06"]

1. d4 Nf6 2. c4 c5 3. d5 b5 4. Nf3 g6 5. g3 b4 6. Bg2 d6 7. O-O Bg7 8. Nbd2 O-O
9. e4 e5 10. Ne1 a5 11. Nd3 Nh5 12. Qe2 Ra7 13. a3 Na6 14. axb4 cxb4 15. Nb3 Nb8
16. c5 dxc5 17. Be3 Ba6 18. Bxc5 Ra8 19. Bxf8 Bxf8 20. Qe3 Bc4 21. Nd2 Bb5 22.
Rfc1 Nd7 23. Nc4 Nhf6 24. Ncxe5 Nxe5 25. Nxe5 Ne8 26. Nc6 Qc7 27. e5 a4 28. d6
Qa5 29. Nxa5 1-0